000 00687nam a22001817a 4500
005 20251108172259.0
008 250721s1985 xx 000 0 ara d
082 1 4 _a799.2/كشا
100 1 _aكشاجم، أبو الفتوح محمود بن ...
245 1 0 _aالصقر و الصيد عند العرب :
_bرسالة نادرة للكشاجم /
246 1 3 _aكتاب البزيرة ( البيزره ) و هو المعروف بكتاب التره ....
264 1 _aالكويت :
_bمكتبة شركة كاظمة للنشر،
_c1985.
300 _a104ص
650 1 7 _aالصيد
700 1 _aصالحيه، محمد عيسى
_eتحقيق
942 _2ddc
_cBK
999 _c75011
_d75011